| 000 | 00404nab a2200145Ia 4500 | ||
|---|---|---|---|
| 003 | ES-SlBCS | ||
| 005 | 20210601124053.0 | ||
| 008 | 140529s1976 xxu||||| |||| 00| 0 eng d | ||
| 041 | _aeng | ||
| 100 | 1 |
_aAlthann, Robert _9134706 |
|
| 245 | 0 | 2 |
_aA Note on Exodus 19,12aB-13 _c Robert Althann |
| 630 | 0 | 4 |
_aÉxodo 19 _9134707 |
| 773 | 0 |
_tBiblica _gvol. 57, nº. 2, 1976, págs. 242-246 _wRev78 |
|
| 942 | _cAR | ||
| 999 |
_c508748 _d508748 |
||